Normal view MARC view

Entry Personal Name

Number of records used in: 2

001 - CONTROL NUMBER

  • control field: 538472

003 - CONTROL NUMBER IDENTIFIER

  • control field: OSt

005 - DATE AND TIME OF LATEST TRANSACTION

  • control field: 20220930080300.0

008 - FIXED-LENGTH DATA ELEMENTS

  • fixed length control field: 220930|| aca||aabn | a|a d

040 ## - CATALOGING SOURCE

  • Original cataloging agency: OSt
  • Transcribing agency: OSt

100 ## - HEADING--PERSONAL NAME

  • Personal name: Baghmar Shilpa

670 ## - SOURCE DATA FOUND

  • Source citation: Work cat.: (OSt)869572: Baghmar Shilpa, Carbohydrate homeostasis and Beta-pancreatic islet cell function in thalassemic children, 2006
Copyright @ Delhi University Library System